000 00293nam a22001217a 4500
008 170503b xxu||||| |||| 00| 0 eng d
041 _aeng
080 _24 ED
_a34
100 _a13
101 _aSHJ
245 _aCASES AND MATERIALS ON THE LAW OF TORTS
_cCHRISTIE.G.C
942 _2udc
_cBK
999 _c12562
_d12562